000
00299nam a22001217a 4500
020
_a
0-85334-531-7
082
_a
621.56 REE'R
100
_a
REED, G. H
_9
76102
245
_a
REFRIGERATION A PRACTICAL MANUAL FOR MECHANICS
260
_a
LONDON
_b
APPLIED SCIENCE
_c
1972
300
_a
222P
942
_c
BK
999
_c
581528
_d
581528